Implementación del sistema de ciencia, tecnología e innovación de República Dominicana (Record no. 8214)
[ view plain ]
| 000 -LEADER | |
|---|---|
| campo de control de longitud fija | 00481nam a2200145Ia 4500 |
| 001 - NÚMERO DE CONTROL | |
| campo de control | 2708 |
| 008 - DATOS DE LONGITUD FIJA--INFORMACIÓN GENERAL | |
| campo de control de longitud fija | 241024s9999 xx 000 0 und d |
| 082 ## - NÚMERO DE LA CLASIFICACIÓN DECIMAL DEWEY | |
| Número de clasificación | RD/507/R426i |
| 100 ## - ENTRADA PRINCIPAL--NOMBRE DE PERSONA | |
| Nombre de persona | República Dominicana. Ministerio de Educación Superior, Ciencia y Tecnología (MESCyT) |
| 245 #0 - MENCIÓN DEL TÍTULO | |
| Título | Implementación del sistema de ciencia, tecnología e innovación de República Dominicana |
| 260 ## - PUBLICACIÓN, DISTRIBUCIÓN, ETC. | |
| Nombre del editor, distribuidor, etc. | Santo Domingo |
| Fecha de publicación, distribución, etc. | 2012 |
| 590 ## - NOTA LOCAL (RLIN) | |
| Nota local | si |
| 901 ## - ELEMENTOS DE DATOS A LOCAL LDA (RLIN) | |
| a | 28/12/2012 10:18:29 a.m. |
No items available.